📖💬Paroles "L'Hirondelle et les Petits Oiseaux" La Fontaine - Statistiques

Statistiques générales
  • Ce quiz a été pris 40 fois
  • Le résultat moyen est 209 sur 402
Statistiques - réponses
Mots % Correct
a
100%
à
100%
à-
100%
C'
100%
Cassandre
100%
d'
100%
en
100%
Hirondelle
100%
Hirondelle,
100%
Je
100%
m'
100%
n'
100%
Oiseaux
100%
Oiseaux ;
100%
Troyens
100%
au
83%
ce
83%
Ce
83%
dans
83%
De
83%
de
83%
Elle
83%
elle
83%
elle :
83%
est
83%
Et
83%
et
83%
Il
83%
il
83%
l'
83%
L'
83%
le
83%
Le
83%
Les
83%
les
83%
ne
83%
Ne
83%
nous
83%
Nous
83%
ou
83%
Ou
83%
par
83%
pas,
83%
pas
83%
petits
83%
pour
83%
Pour
83%
se
83%
Se
83%
un
83%
Un
83%
Une
83%
vit
83%
vous
83%
aux
67%
Avait
67%
cette
67%
ci
67%
dit-
67%
dit
67%
dit :
67%
fait
67%
ils
67%
Ils
67%
la
67%
67%
La
67%
leur
67%
loin,
67%
me
67%
moi,
67%
moi.
67%
moquèrent
67%
oisillon
67%
on,
67%
on
67%
qu'
67%
que
67%
Que
67%
qui
67%
Qui
67%
ses
67%
temps
67%
tout
67%
tout-
67%
trop
67%
votre
67%
Votre
67%
appris.
50%
aussi
50%
avoir
50%
beaucoup
50%
bien :
50%
Car
50%
Celle-
50%
ceux
50%
comme
50%
Dès
50%
Enfin
50%
était
50%
êtes
50%
jour
50%
leurs
50%
Mais
50%
mondes.
50%
Ni
50%
Peut
50%
plus
50%
pourquoi,
50%
pourquoi
50%
Quand
50%
quand
50%
quelque
50%
quoi.
50%
sera
50%
Sera
50%
sont
50%
sûr :
50%
va
50%
vu,
50%
autres
33%
autres.
33%
avez
33%
bel
33%
Ceci
33%
croyez-
33%
fut
33%
guerre ;
33%
main
33%
Maint
33%
mainte
33%
Mauvaise
33%
mille
33%
mirent
33%
parti
33%
rien ;
33%
soyez
33%
tu
33%
voyages
33%
Voyez-
33%
airs
17%
annonçait
17%
Arrachez
17%
arriva
17%
attraper ;
17%
brin
17%
cage
17%
causera
17%
champs
17%
chanvre
17%
chaudron.
17%
chemine ?
17%
chènevière
17%
coin.
17%
couvrir
17%
crue,
17%
crue
17%
devant
17%
éclos
17%
éloigner,
17%
engins
17%
entendre,
17%
envelopper,
17%
extrême
17%
faisaient
17%
faudrait
17%
Feront
17%
fussent
17%
Gare
17%
gens
17%
grain,
17%
grain ;
17%
jusqu'
17%
lacets
17%
machine
17%
mal
17%
Manant
17%
Mangez
17%
Matelots.
17%
mort
17%
naîtront
17%
Oisillons,
17%
Oisillons
17%
orages.
17%
passer
17%
pauvre
17%
péril
17%
personnes
17%
perte.
17%
plains :
17%
plaît
17%
prévoyait
17%
prison.
17%
prit
17%
produit
17%
Prophète
17%
puisque
17%
répand
17%
retenu.
17%
ruine.
17%
saison
17%
saurai
17%
sème
17%
seulement.
17%
sillons.
17%
soit
17%
tôt
17%
trouvaient
17%
uns
17%
verte,
17%
vivre
17%
ajouta :
0%
aller
0%
Attraperont
0%
babillarde,
0%
Bécasse.
0%
blés
0%
bouche
0%
Canard,
0%
canton.
0%
changez
0%
chercher
0%
climat :
0%
confusément,
0%
couverte,
0%
croyons
0%
Demeurez
0%
déserts
0%
donnes !
0%
écoutons
0%
emploi
0%
éplucher
0%
esclave
0%
étant
0%
état
0%
graine
0%
Grue,
0%
ici
0%
Imitez
0%
instincts
0%
jaser
0%
las
0%
logis,
0%
maints
0%
malheur,
0%
maudit
0%
moindres
0%
mur.
0%
nôtres,
0%
occupés
0%
ondes,
0%
Ouvrait
0%
place
0%
place :
0%
Quiconque
0%
reginglettes
0%
renfermer
0%
réseaux
0%
sûrs
0%
terre
0%
trous
0%
venu.
0%
venue.
0%
verrez
0%
viendra
0%
volez
0%
Aucun quiz correspondant
Distribution des résultats
% des personnes avec chaque résultat
Percentile par nombre de réponses
Votre historique - résultats
Vous n’avez pas pris ce quiz